| 000 | 00453nam a2200169Ia 4500 | ||
|---|---|---|---|
| 999 |
_c32111 _d32111 |
||
| 003 | OSt | ||
| 005 | 20200805124128.0 | ||
| 008 | 190216s9999||||xx |||||||||||||| ||und|| | ||
| 040 | _coclc | ||
| 082 |
_a519.5 _bBAL/S |
||
| 100 |
_aBali, N P _93724 |
||
| 245 | 0 |
_aStatistics / _cN P Bali |
|
| 260 |
_bLaxmi Publication Ltd, _aNew Delhi: |
||
| 300 | _a380p | ||
| 650 | _aMathematics | ||
| 942 |
_cBK _2ddc _h519.5 _iBAL/S _k519.5 _mBAL/S |
||